000 00631nam a2200193Ii 4500
003 JO-AjNU
008 230605s9999||||xx |||||||||||||| ||und||
040 _aJO-AjNU
_bara
_erda
_cJO-AjNU
041 _aara
050 1 4 _aBS1115
100 3 _aعاشور، محمد مصطفى,
_eauthor
_99984
245 0 0 _aالأطعمة والذبائح عند اليهود
264 3 1 _aالمنصورة: مكتبة الايمان، د.ت
300 _a128ص
336 _atext
_btxt
_2rdacontent
337 _aunmediated
_bn
_2rdamedia
338 _avolume
_bnc
_2rdacarrier
650 4 _aالذبائح- الاطعمة عند اليهود
_99985
999 _aA1578
_c5146
_d5146